LEADER 01488nam a2200325 a 4500 001 000000127500 003 CaOOAMICUS 005 20120207103938.0 008 120207s2010 enk u000 u eng r 020 $z978-185743-359-3* 040 $aPUL$bita 082 04$a320.9 245 02$aA political and economic dictionary of Eastern Europe /$c[edited by] Roger East, Catherine Jagger and Carolyn Postgate. 260 $aLondon ;$aNew York :$bRoutledge,$c2010. 300 $axii, 522 p. ;$c24 cm 490 1 $aEuropa political and economic dictionaries series 500 $aInclude indice. 651 4$aEuropa orientale$xVita economica e sociale$ySec. XX.$0(OLS)http://pul/subject/22409 700 1 $aEast, Roger.$0(OLS)http://pul/name/81351 700 1 $aJagger, Catherine.$0(OLS)http://pul/name/81352 700 1 $aPostgate, Carolyn.$0(OLS)http://pul/name/81353 830 0$aEuropa political and economic dictionaries series.$0(OLS)http://pul/title/161103 850 $aPUL 852 $aPUL$W1$xSL Diritto e Scienze Sociali 3$y79$m320. 9 EASRO 1$j147523$qDDC 21$B146155$CPULBib$Z2$F146155 $H117003 $82 941 1 $a9 996 $6020$z978-185743-359-3*$9(OLS)http://pul/number/148848 996 $6082$a320.9$9(OLS)http://pul/classification/1983 996 $6245$aA political and economic dictionary of Eastern Europe$9(OLS)http://pul/title/161102 996 $6260$aLondon ;$aNew York :$bRoutledge$9(OLS)http://pul/publisher/52469 LEADER 01423nam a2200313 u 4500 001 000000080566 003 CaOOAMICUS 005 20070226123648.0 008 041222s2003 fr u000 u fre u 020 $a2130540872 035 $a11020500 040 $aPUL$bita 100 1 $aHenry, Michel,$d1922-2002.$0(OLS)http://pul/name/39200 245 10$aGénéalogie de la psychanalyse :$ble commencement perdu /$cMichel Henry. 250 $a2e éd. 260 $aParis :$bPresses Universitaires de France,$c2003. 300 $a398 p. ;$c21 cm 490 1 $aEpiméthée 500 $a"Les textes réunis dans cet ouvrage sont ceux des séminaires qui ont été tenus, sur l'invitation du gouvernement japonais, à l'Université d'Osaka, au cours des mois d'octobre, de novembre et de décembre 1983..." 504 $aComprende bibliografia. 650 4$aPsicanalisi.$0(OLS)http://pul/subject/1791 830 0$aEpiméthée.$0(OLS)http://pul/title/13231 850 $aPUL 852 $aPUL$W1$xSL Filosofia 1$y2$m86 P 68$j102911$nBK-PRI$qStampati$B102911$CPULBib$Z2$F102911 $HPUL96784 $81 941 1 $a8 960 $aPsicoanalisi$91791 996 $6020$a2130540872$9(OLS)http://pul/number/106648 996 $6245$aGénéalogie de la psychanalyse :$ble commencement perdu$9(OLS)http://pul/title/105509 996 $6260$aParis :$bPresses Universitaires de France$9(OLS)http://pul/publisher/47940